Những vấn đề hóa sinh dinh dưỡng động vật

Guardado en:
Detalles Bibliográficos
Formato: Libro
Publicado: H. Khoa học và kỹ thuật 1975
Etiquetas: Agregar Etiqueta
Sin Etiquetas, Sea el primero en etiquetar este registro!
Thư viện lưu trữ: Mạng thư viện Đại học Đà Nẵng
LEADER 00826nam a2200217 4500
001 000009211
003 5406
005 20150812140858.0
008 111025s1975 sd
245 0 0 |a Những vấn đề hóa sinh dinh dưỡng động vật  |c Phí Văn Ba, Lê Doãn Diên, Nguyễn Lân Dũng..... 
260 |a H.  |b Khoa học và kỹ thuật  |c 1975 
774 |d H.  |d Khoa học và kỹ thuật  |d 1975  |g Tập 1  |h 261tr.  |t Những vấn đề hóa sinh dinh dưỡng đông vật  |w 5410 
774 |d H.  |d Khoa học và kỹ thuật  |d 1980  |g Tập 2  |h 247tr.  |t Dinh dưỡng protein và axit amin  |w 5411 
OWN |a LSP 
999 |a From the UDN01 
TYP |a Monograph 
TYP |a Printed language 
980 |a Mạng thư viện Đại học Đà Nẵng